| 000 | | | 04945cac2a2200205 x 450 |
| 001 | | | 357a9f47-3cd2-40ec-a6dd-03d0f84a37ba |
| 005 | | | 20140408133242.0 |
| 100 | ## | $a | 20140320u k y0rusy50 ca |
| 101 | 0# | $a | rus |
| 102 | ## | $a | RU |
| 105 | ## | $a | y z ||||| |
| 122 | 0# | $a | d19170402 |
| 200 | 1# | $a | "Без забрала" Открытое письмо Пуришкевича В. М. большевикам Петроградского Совета рабочих депутатов |
| | $j | 2 апреля 1917 |
| 215 | ## | $a | 13 листов |
| 251 | ## | $c | Дело |
| 461 | #0 | $1 | 0011467e0ed-8313-45f7-9267-f4b7bc26a243 |
| | $1 | 2001 |
| | $a | Документальные материалы периода I Мировой войны и временного правительства (Коллекция документов, полученная из Академии Наук СССР) |
| | $1 | 251 |
| | $c | Фонд |
| | $1 | 852 |
| | $j | 6281 |
| 462 | #0 | $1 | 001bf3dbde0-e9cf-4537-bdfe-4bdda932aac5 |
| | $1 | 2001 |
| | $a | За 1914-1917 гг. |
| | $1 | 251 |
| | $c | Опись |
| | $1 | 852 |
| | $j | 1 |
| 801 | #0 | $a | RU |
| | $b | GA_RF |
| 801 | #1 | $a | RU |
| | $b | НПО Опыт |
| | $c | 20140320 |
| | $2 | rusmarc |
| 801 | #2 | $a | RU |
| | $b | ПБ им. Б.Н. Ельцина |
| | $c | 20140408 |
| | $g | RCR |
| | $2 | rusmarc |
| 852 | ## | $a | ГА РФ |
| | $j | 88 |
| 937 | ## | $d | 44540265 |
| | $h | ПБ |
| 035 | ## | $a | RuPRLIB51012328 |
| 600 | #1 | $a | Пуришкевич |
| | $b | В.М. |
| | $f | 1870 - 1920 |
| | $g | Владимир Митрофанович |
| | $j | Документы и материалы |
| | $x | Общественно-политические взгляды |
| | $2 | prlib_sh |
| | $3 | LIBNET\UAF\0000040209 |
| 601 | 02 | $a | РСДРП |
| | $j | Документы и материалы |
| | $x | История |
| | $z | нач. 20 в. |
| | $2 | prlib_sh |
| | $3 | DITM\AF\0000003273 |
| 605 | ## | $a | Первая мировая война |
| | $l | коллекция |
| | $2 | acquisition_Prlib |
| | $3 | LIBNET\UAF\0000032161 |
| 605 | ## | $a | Власть |
| | $l | коллекция |
| | $2 | acquisition_Prlib |
| | $3 | DITM\AF\0000002775 |
| 606 | 1# | $a | Первая мировая война 1914 - 1918 |
| | $j | Документы и материалы |
| | $x | Общественное мнение |
| | $y | Россия |
| | $2 | nlr_sh |
| | $3 | RU\NLR\AUTH\661600668 |
| 686 | ## | $a | 63.3(2)534-68ю1 |
| | $2 | rubbk |
| | $v | LBC/M |
| 686 | ## | $a | 63.3(2)534-36ю1 |
| | $2 | rubbk |
| | $v | LBC/M |
| 856 | 4# | $u | http://www.prlib.ru/Lib/pages/item.aspx?itemid=109188 |